La bella durmiente / (Registro nro. 30758)

Detalles MARC
000 -LEADER
fixed length control field 00876nam a22002417a 4500
003 - CONTROL NUMBER IDENTIFIER
control field OSt
005 - DATE AND TIME OF LATEST TRANSACTION
control field 20250808114624.0
008 - FIXED-LENGTH DATA ELEMENTS--GENERAL INFORMATION
fixed length control field 240617s2012 -uka|||ar|||| 00| 1 spa d
020 ## - INTERNATIONAL STANDARD BOOK NUMBER
International Standard Book Number 9781445463261
037 ## - SOURCE OF ACQUISITION
Source of stock number/acquisition Donación
040 ## - CATALOGING SOURCE
Original cataloging agency CO-JMCR
Language of cataloging spa
Transcribing agency CO-JMCR
Modifying agency CO-JMCR
Description conventions rda
041 1# - LANGUAGE CODE
Language code of text/sound track or separate title spa
Language code of original eng
082 04 - DEWEY DECIMAL CLASSIFICATION NUMBER
Classification number C
Item number BELh
100 3# - MAIN ENTRY--PERSONAL NAME
Personal name Sasiain, Almudena,
Relator term traductora
9 (RLIN) 42106
245 03 - TITLE STATEMENT
Title La bella durmiente /
Statement of responsibility, etc. Traducción Almudena Sasiain.
260 ## - PUBLICATION, DISTRIBUTION, ETC.
Place of publication, distribution, etc. Barcelona :
Name of publisher, distributor, etc. Parragon /
Date of publication, distribution, etc. 2012
300 ## - PHYSICAL DESCRIPTION
Extent [63] páginas :
Other physical details Ilustraciones a color ;
Dimensions 28 cm.
520 #3 - SUMMARY, ETC.
Summary, etc. En este relato descubrirás la historia de la princesa Aurora, la maldición de la malvada hada maléfica y cómo Aurora encuentra a su amor verdadero.
650 14 - SUBJECT ADDED ENTRY--TOPICAL TERM
Source of heading or term JMCR
Topical term or geographic name entry element Romance
General subdivision Cuento
9 (RLIN) 43690
651 24 - SUBJECT ADDED ENTRY--GEOGRAPHIC NAME
Source of heading or term JMCR
Geographic name Amor
General subdivision Fantasía
9 (RLIN) 43691
651 34 - SUBJECT ADDED ENTRY--GEOGRAPHIC NAME
Source of heading or term JMCR
Geographic name Cuento
General subdivision Historia
9 (RLIN) 43692
942 ## - ADDED ENTRY ELEMENTS (KOHA)
Source of classification or shelving scheme Dewey Decimal Classification
Koha item type Books
Existencias
Withdrawn status Lost status Source of classification or shelving scheme Damaged status Not for loan Collection code Home library Current library Shelving location Date acquired Total Checkouts Total Renewals Full call number Barcode Date last seen Date last checked out Copy number Price effective from Koha item type
    Dewey Decimal Classification     Fiction Biblioteca Pública José María del Castillo y Rada Biblioteca Pública José María del Castillo y Rada Children's Area 12/06/2023 8 1 C BELh 201812259 01/28/2026 01/28/2026 Ej.1 06/17/2024 Books